Obras completas / (Record no. 165310)
[ view plain ]
| 000 -LEADER | |
|---|---|
| campo de control de longitud fija | 01530nam a22002535i 4500 |
| 001 - NÚMERO DE CONTROL | |
| campo de control | 165310 |
| 003 - IDENTIFICADOR DE NÚMERO DE CONTROL | |
| campo de control | ES-MaACL |
| 005 - FECHA Y HORA DE LA ÚLTIMA TRANSACCIÓN | |
| campo de control | 20250824210708.0 |
| 008 - DATOS DE LONGITUD FIJA--INFORMACIÓN GENERAL | |
| campo de control de longitud fija | 971205s1916 sp |||| |dspa d |
| 040 ## - FUENTE DE CATALOGACIÓN | |
| Centro catalogador/agencia de origen | NA |
| Lengua de catalogación | spa |
| Centro/agencia transcriptor | NA |
| 100 1# - ENTRADA PRINCIPAL--NOMBRE DE PERSONA | |
| Nombre de persona | Shakespeare, William, |
| Fechas asociadas al nombre | 1564-1616 |
| 9 (RLIN) | 105992 |
| 245 10 - MENCIÓN DEL TÍTULO | |
| Título | Obras completas / |
| Mención de responsabilidad, etc. | W. Shakespeare ; prólogo de Víctor Hugo ; traducción de R. Martínez Lafuente. |
| 260 ## - PUBLICACIÓN, DISTRIBUCIÓN, ETC. | |
| Lugar de publicación, distribución, etc. | Valencia : |
| Nombre del editor, distribuidor, etc. | Prometeo, |
| Fecha de publicación, distribución, etc. | [1916?] |
| 300 ## - DESCRIPCIÓN FÍSICA | |
| Extensión | 8 v. ; |
| Dimensiones | 18 cm. |
| 490 1# - MENCIÓN DE SERIE | |
| Mención de serie | Libros célebres españoles y extranjeros. Clásicos ingleses |
| 505 8# - NOTA DE CONTENIDO CON FORMATO | |
| Nota de contenido con formato | Contiene : I. William Shakespeare / por Víctor Hugo ; Hamlet, príncipe de Dinamarca ; Los dos hidalgos de Verona -- II. Otelo, el moro de Venecia ; Medida por medida ; Cuento de invierno -- III. Romeo y Julieta ; Bien está lo que bien acaba ; Comedia de equivocaciones -- IV. El mercader de Venecia ; Penas de amor perdidas ; Cimbelino -- V. Macbeth ; Troilo y Crésida ; El rey Enrique VIII -- VI. El rey Lear ; Coriolano ; Como gusteis -- VII. La fiera domada ; La duodécima noche ; mucho ruido para nada -- VIII. Sueño de una noche de verano ; La tempestad ; Los alegres comadres de Windsor |
| 510 4# - NOTA DE CITAS O REFERENCIAS BIBLIOGRÁFICAS | |
| Nombre de la fuente | Fecha de pie de imprenta tomada de Palau, |
| Localización dentro de la fuente | T. XXI, 311542 |
| 700 1# - ENTRADA AGREGADA--NOMBRE PERSONAL | |
| Nombre de persona | Hugo, Victor, |
| Fechas asociadas al nombre | 1802-1885 |
| 9 (RLIN) | 64627 |
| 700 1# - ENTRADA AGREGADA--NOMBRE PERSONAL | |
| Nombre de persona | Martínez Lafuente, R. |
| 9 (RLIN) | 78169 |
| 830 00 - PUNTO DE ACCESO ADICIONAL DE SERIE-TÍTULO UNIFORME | |
| Título uniforme | Libros célebres españoles y extranjeros (Prometeo) |
| 9 (RLIN) | 222846 |
| 852 ## - LOCALIZACIÓN | |
| Ubicación | ES-MaACL |
| Número de control de estantería | F-4141-48 |
| Nota libre | -- Enc. hol. |
| Estatus retirado | Estado de pérdida | Estado de daño | No para préstamo | Biblioteca de origen | Biblioteca actual | Ubicación en estantería | Fecha de adquisición | Total de préstamos | Signatura topográfica completa | Código de barras | Visto por última vez | Precio de reemplazo | Tipo de ítem Koha |
|---|---|---|---|---|---|---|---|---|---|---|---|---|---|
| Biblioteca del Ateneo de Madrid | Biblioteca del Ateneo de Madrid | Depósito 2 | 17/01/2008 | F-4141-48 | 1173345 | 23/02/2023 | 23/02/2023 | Libro impreso |
